00196nam a2200073Ia 4500008004100000100000800041245006500049260000800114120527s9999 xx 000 0 und d aNUC aA manual of uniform accounting systems for nigerian universi bNUC